MARC

LEADER 00000nam0a2200000 4500
001 311800
005 20231102002424.0
035 |a (RuTPU)RU\TPU\book\337165 
090 |a 311800 
100 |a 20151211d1982 km u0rusy50 ca 
101 0 |a rus 
102 |a RU 
105 |a a z 001zb 
200 1 |a Виктор Коновалов  |e альбом  |f Н. М. Иванов 
210 |a Москва  |c Советский художник  |d 1982 
215 |a 128 с.  |c ил. 
320 |a Библиогр.: с. 117-120 
600 1 |a Коновалов  |b В. Я.  |c советский и российский художник  |f 1909-1995  |g Виктор Яковлевич  |2 stltpush  |3 (RuTPU)RU\TPU\pers\37002 
606 1 |a Граверы  |2 stltpush  |3 (RuTPU)RU\TPU\subj\8408  |9 35823 
610 1 |a графика 
610 1 |a рисунок 
610 1 |a живопись 
610 1 |a художники 
610 1 |a альбомы 
610 1 |a персоналии 
675 |a 76.071  |v 4 
700 1 |a Иванов  |b Н. М.  |g Никита Михайлович 
801 1 |a RU  |b 63413507  |c 20151211 
801 2 |a RU  |b 63413507  |c 20160707  |g RCR 
942 |c BK